000 01071nam0a2200289 i 4500
001 RU\NLR\BIBL_A\010845912
005 20240921134811.0
010 _a9785904662172
021 _aRU
_b2015-1516и
_9149и
035 _a(NLR Aleph) 010845912
090 _a10350947
_c10350947
100 _a20150922d2015 u y0rusy50 ca
101 1 _arus
_cfre
102 _aRU
105 _aa|||t|||000ay
200 1 _aШараз-де
_e[комикс]
_fТоппи
_g[пер. с фр. Михаила Хачатурова]
210 _aМосква
_cZangavar Cobalt
_d2015
215 _a223, [2] с.
_cил., цв. ил.
_d31
333 _a16+
675 _a821.131.1
686 1 _aШ6(4Ит)67-499(комикс){Лх1609(комикс)}
702 1 _4570
_aТоппи
_bC.
_f1932-2012
_gСерджо
_9153834
_3RU\NLR\AUTH\770153872
702 1 _4040
_aТоппи
_bC.
_f1932-2012
_gСерджо
_9153834
_3RU\NLR\AUTH\770153872
942 _cBOOK
980 _aNBR